Catálogo
 En Linea

Medicina legal : (Registro nro. 13386)

Detalles MARC
000 -CABECERA
campo de control de longitud fija 01641nam a2200265 a 4500
001 - NÚMERO DE CONTROL
campo de control 000013774
005 - FECHA Y HORA DE LA ÚLTIMA TRANSACCIÓN
campo de control 20200929163337.0
008 - DATOS DE LONGITUD FIJA--INFORMACIÓN GENERAL
campo de control de longitud fija 091130s20uu dr ac 001 0 spa d
040 ## - FUENTE DE LA CATALOGACIÓN
Centro catalogador/agencia de origen DO-SdBNP
Lengua de catalogación spa
Centro/agencia transcriptor BNPHU
082 ## - NÚMERO DE LA CLASIFICACIÓN DECIMAL DEWEY
Número de clasificación 614.1
Número de documento/Ítem S245m
100 1# - ENTRADA PRINCIPAL--NOMBRE DE PERSONA
Nombre de persona Sarita Valdez, Sergio,
Fechas asociadas al nombre 1945-
9 (RLIN) 31262
245 10 - MENCIÓN DE TÍTULO
Título Medicina legal :
Resto del título conceptos generales de patología forense /
Mención de responsabilidad, etc. Sergio Sarita Valdez ; prólogo Francisco Domínguez Brito.
260 ## - PUBLICACIÓN, DISTRIBUCIÓN, ETC.
Lugar de publicación, distribución, etc. Santo Domingo. :
Nombre del editor, distribuidor, etc. Graphic Colonial.,
Fecha de publicación, distribución, etc. 200-?
300 ## - DESCRIPCIÓN FÍSICA
Extensión 146 p. :
Otras características físicas il., retrs. ;
Dimensiones 23 cm.
500 ## - NOTA GENERAL
Nota general Incluye datos biográficos del autor en las solapas.
504 ## - NOTA DE BIBLIOGRAFÍA, ETC.
Nota de bibliografía, etc. Bibliografía : p. 145- 146
505 0# - NOTA DE CONTENIDO CON FORMATO
Nota de contenido con formato Prólogo
Título Introducción
-- Historia de la medicina legal --
-- Historia de la medicina legal en la República Dominicana --
-- Autopsia medicoLegal --
-- Certificado de defunción --
-- Cadena de la muerte --
-- Muerte y cambios postMortem --
-- Traumatología forense --
-- Heridas por instrumentos cortantes --
-- Heridas por armas de fuego --
-- Lesiones causadas por la energía eléctrica --
-- Lesiones térmicas --
-- Muertes por asfixia --
-- Aspectos forenses del ahogado --
-- Violaciones sexuales
-- Aberraciones sexuales --
-- Patología del aborto --
-- Drogas
-- Patología de drogadición
-- Muerte súbita e inesperada --
-- Aspectos legales de la práctica de la medicina --
-- Bibliografía.
590 ## - NOTA LOCAL (RLIN)
Nota local Inventariado, 2018/LP
650 #4 - PUNTO DE ACCESO ADICIONAL DE MATERIA--TÉRMINO DE MATERIA
Término de materia o nombre geográfico como elemento de entrada Medicina legal
Subdivisión geográfica República Dominicana
9 (RLIN) 20403
650 #4 - PUNTO DE ACCESO ADICIONAL DE MATERIA--TÉRMINO DE MATERIA
Término de materia o nombre geográfico como elemento de entrada Medicina legal
Subdivisión general Historia
9 (RLIN) 20404
650 #4 - PUNTO DE ACCESO ADICIONAL DE MATERIA--TÉRMINO DE MATERIA
Término de materia o nombre geográfico como elemento de entrada Patología forense
9 (RLIN) 20406
650 #4 - PUNTO DE ACCESO ADICIONAL DE MATERIA--TÉRMINO DE MATERIA
Término de materia o nombre geográfico como elemento de entrada Autopsia
9 (RLIN) 20405
700 12 - PUNTO DE ACCESO ADICIONAL--NOMBRE DE PERSONA
Nombre de persona Domínguez Brito,
Término indicativo de función/relación pról.
9 (RLIN) 31263
910 ## - DATOS DE OPCIÓN DEL USUARIO (OCLC)
Datos de opción del usuario Validado. Control de calidad MFF
Existencias
Estado de retiro Estado de pérdida Restricciones de uso No para préstamo Código de colección Localización permanente Ubicación/localización actual Ubicación en estantería Fecha de adquisición Número de inventario Total de préstamos Signatura topográfica completa Código de barras Fecha visto por última vez Número de copia Precio válido a partir de Tipo de ítem Koha
        Dominicana de Servicio General General Depósito 24.05.2013 LF1   614.1 S245m 13774-30 25.06.2020 e. 3 25.06.2020 Libro y Folleto Colección Dominicana de Servicio
      Excluido de préstamo Patrimonio Dominicano Patrimonio Dominicano Patrimonio Dominicano Depósito 30.11.2009 LF1   614.1 S245m 13774-10 25.06.2020   25.06.2020 Libro y Folleto Colección Patrimonio Dominicano
      Excluido de préstamo Patrimonio Dominicano Patrimonio Dominicano Patrimonio Dominicano Depósito 30.11.2009 LF1   614.1 S245m 13774-20 25.06.2020 e. 2 25.06.2020 Libro y Folleto Colección Patrimonio Dominicano

Con tecnología Koha